30 days to confident leadership /
Saved in:
| Main Author: | |
|---|---|
| Format: | Book |
| Language: | English |
| Published: |
Nashville, Tenn. :
Broadman & Holman Publishers,
1989.
|
| Subjects: | |
| Tags: |
No Tags, Be the first to tag this record!
|
MARC
| LEADER | 00000nam a22000007a 4500 | ||
|---|---|---|---|
| 003 | KE-NaDUL | ||
| 005 | 20230617171828.0 | ||
| 008 | 230617b |||||||| |||| 00| 0 eng d | ||
| 020 | |a 0805401733 | ||
| 040 | |a DUL |c DUL |d Dwaswala | ||
| 050 | |a HD57.7.B54 1998 | ||
| 100 | |a Biehl, Bobb |9 132167 | ||
| 245 | |a 30 days to confident leadership / |c by Bobb Biehl | ||
| 260 | |a Nashville, Tenn. : |b Broadman & Holman Publishers, |c 1989. | ||
| 300 | |a ix, 243 p. | ||
| 650 | |a Leadership |9 132168 | ||
| 942 | |2 lcc |c REF |h HD57.7 |i .B54 |m 1998 |6 HD00577 B54 | ||
| 952 | |0 0 |1 0 |2 lcc |4 0 |6 HD00577 B54 01998 |7 1 |8 REF |9 138327 |a CUI |b CUI |c CUI |d 2023-06-17 |l 0 |o HD57.7.B54 1998 |p CUI07711 |r 2023-06-17 00:00:00 |w 2023-06-17 |x 07711 |y REF | ||
| 999 | |c 222467 |d 222466 | ||